000 00813nam a22002177a 4500
003 BUBTL
008 230911b ||||| |||| 00| 0 eng d
020 _a984050172
041 _aবাংলা
082 _a343.5492099/ H211b/ 1996
100 _95451
_aহক, আবু নছর মোঃ গাজীউল
245 _aবাংলাদেশের গণমাধ্যম আইন ও বিধিমালা /
_bআবু নছর মোঃ গাজীউল হক
250 _a১ম সং
260 _aঢাকা
_bইউনিভার্সিটি প্রেস লিমিটেড
_cc১৯৯৬
300 _a235p. :
_bill. ; 21 cm.
526 _aLaw
650 0 _926
_aLaw
856 _k0
_l0
_yDownload
942 _2ddc
_cBK
999 _c7085
_d7085